Pokémon sans A, E, S, N, R, T - Statistiques

Statistiques générales
  • Ce quiz a été pris 38 fois
  • Le résultat moyen est 7 sur 20
Statistiques - réponses
Pokémon % Correct
0250 Ho-Oh
61%
0172 Pichu
61%
0259 Flobio
57%
0258 Gobou
57%
0037 Goupix
50%
1004 Yuyu
50%
0165 Coxy
43%
0170 Loupio
43%
0084 Doduo
39%
0405 Luxio
39%
0404 Lixy
36%
0600 Clic
25%
0904 Qwilpik
25%
0272 Ludicolo
21%
0778 Mimiqui
21%
0921 Pohm
18%
0459 Blizzi
14%
0836 Fulgudog
14%
0742 Bombydou
11%
0827 Goupilou
11%
Aucun quiz correspondant
Distribution des résultats
% des personnes avec chaque résultat
Percentile par nombre de réponses
Votre historique - résultats
Vous n’avez pas pris ce quiz